Polish Journal of Management Studies

Gespeichert in:
Bibliographische Detailangaben
Format: Schriftenreihe
Sprache:Englisch
Veröffentlicht: Czestochowa Faculty of Management, Czestochowa University of Technology
Tags: Tag hinzufügen
Keine Tags, Fügen Sie das erste Tag hinzu!

MARC

LEADER 00000nas1a2200000 4500
001 0248509
005 20250701092119.2
022 |a 2081-7452 
041 0 |a eng 
044 |a PL 
245 1 0 |a Polish Journal of Management Studies 
264 1 |a Czestochowa  |b Faculty of Management, Czestochowa University of Technology